Characters from Books #8 - Statistics

General Stats
  • This quiz has been taken 437 times
  • The average score is 6 of 15
Answer Stats
Hint Answer % Correct
Jay Gatsby The Great Gatsby
93%
Elizabeth Bennet Pride and Prejudice
80%
Miss Havisham Great Expectations
68%
Holden Caulfield Catcher in the Rye
66%
Rhett Butler Gone with the Wind
65%
Cho Chang Harry Potter
62%
Merry and Pippin Lord of the Rings
59%
Lenny Small Of Mice and Men
53%
Tom Jode Grapes of Wrath
35%
Mrs. Danvers Rebecca
26%
Miss Maudie To Kill a Mockingbird
14%
Mildred Montag Fahrenheit 451
8%
Coyotito The Pearl
4%
Hemholtz Watson Brave New World
2%
Luke Pollard Cat on a Hot Tin Roof
0%
No matching quizzes found
Score Distribution
Percent of People with Each Score
Percentile by Number Answered
Your Score History
You have not taken this quiz